ბათუმის შოთა რუსთაველის სახელმწიფო უნივერსიტეტის ბიბლიოთეკა

ფიზიკის ამოცანათა კრებული : (ბიბ.ჩანაწერი № 57982)

000 -ლიდერი
ფიქსირებული სიგრძის საკონტროლო ველი 00918nam a22002057a 4500
003 - საკონტროლო ნომრის იდენტიფიკატორი
საკონტროლო ველი Ge_BSU
005 - ბოლო ოპერაციის თარიღი და დრო
საკონტროლო ველი 20210415113051.0
008 - ფიქსირებული სიგრძის მონაცემთა ელემენტები - ზოგადი ინფორმაცია
ფიქსირებული სიგრძის საკონტროლო ველი 210414s1987 ge ||||| |||| 00| 0 geo d
041 ## - ენის კოდი
Language code of text/sound track or separate title geo
080 ## - უნივერსალური ათობითი კლასიფიკაციის ინდექსი
Universal Decimal Classification number 53(076.1) რ-59
100 ## - მთავარი ჩანაწერი - პიროვნების სახელი
Personal name რიმკევიჩი, ა.
9 (RLIN) 11360
245 ## - ცნობა სათაურის შესახებ
Title ფიზიკის ამოცანათა კრებული :
Remainder of title საშ. სკოლის მე-8-10 კლასებისათვის /
Statement of responsibility, etc ა. რიმკევიჩი; რედ. ი. სემიკინა.
250 ## - გამოცემის ცნობა
Edition statement მე-9 გადამუშ. გამოც
264 ## - წარმოების, გამოცემის, დისტრიბუციის და სხვა ცნობები
გამოცემის, წარმოების, დისტრიბუციის... ადგილი თბილისი:
გამოცემის, წარმოების, დისტრიბუციის... სახელწოდება განათლება,
გამოცემის, წარმოების, დისტრიბუციის... თარიღი 1987.
300 ## - ფიზიკური აღწერა
Extent 190 გვ. ;
Other physical details 21 სმ.
653 ## - INDEX TERM--UNCONTROLLED
Uncontrolled term ფიზიკა
653 ## - INDEX TERM--UNCONTROLLED
Uncontrolled term ამოცანათა კრებულები
700 ## - ADDED ENTRY--PERSONAL NAME
Personal name სემიკინა, ი.
Relator term რედაქტორი
9 (RLIN) 1337
942 ## - ADDED ENTRY ELEMENTS (KOHA)
Source of classification or shelving scheme
Koha item type წიგნი
ეგზემპლარები
ჩამოწერის სტატუსი დაკარგული ეგზემპლარის სტატუსი კლასიფიკაციის წყარო ან თაროზე გაწყობის სქემა დაზიანების სტატუსი არ გაიცემა მუდმივი მდებარეობა (დაცვის ადგილი) ამჟამინდელი ადგილსამყოფელი თაროზე განთავსების ადგილი შეძენის თარიღი ღირებულება, შესყიდვის ნორმალური ფასი სრული შენახვის შიფრი შტრიხკოდი ბოლო ოპერაციის თარიღი ეგზემპლარის მიმდევრობითი ნომერი (კეტერი?) ფასის ძალაში შესვლის თარიღი ეგზემპლარის სახეობა საჯარო შენიშვნა
          ბათუმის შოთა რუსთაველის სახელმწიფო უნივერსიტეტის მთავარი ბიბლიოთეკა ბათუმის შოთა რუსთაველის სახელმწიფო უნივერსიტეტის მთავარი ბიბლიოთეკა წიგნსაცავი 2021-04-14 0.40 53(076.1) რ-59 29240 2021-04-14 29240 2021-04-14 წიგნი 0.40 თ.